000 00764nam a2200229 a 4500
001 000008377
005 20250219074027.0
008 090916s2004 dr 000 0 spa d
020 _a9945100041
040 _aDO-SdBNP
_bspa
_cBNPHU
082 _aRD863.4408
_bR481s, 2004
245 0 3 _aLa ría se desnuda :
_bantología de narradores de la provincia La Romana /
_c[compilador] Isael Pérez.
250 _a3a ed.
260 _aSanto Domingo :
_bBúho,
_c2004.
300 _a257 p. :
_bil. ;
_c21 cm.
650 4 _aAutores dominicanos
_ySIGLO XX
_918834
650 4 _aCuentos dominicanos
_xColecciones
_9503
650 0 _aLiteratura dominicana.
_967
700 1 2 _aPérez, Isael,
_d1961-
_ecomp.
_91414
910 _aValidado. Control de calidad BNPHU.
049 _aBNPD
999 _c8148
_d8148